LEADER 01408nam a2200325 i 4500 001 000000162687 003 CaOOAMICUS 005 20070704000000.0 008 070704s2007 it u000 u ita u 013 $a140051 020 $a978-88-06-18568-8 040 $aSeMil$bita 100 1 $aLatini, Brunetto.$0(OLS)http://semarc/name/37445 245 10$aTresor /$cBrunetto Latini ; a cura di Pietro G. Beltrami, Paolo Squillacioti, Plinio Torri e Sergio Vatteroni. 260 $aTorino :$bEinaudi,$c2007. 300 $aLXIV, 889 p., [12] c. di tav. :$bill. ;$c22 cm. 490 0 $aI millenni 500 $aContiene : Bibliografia. - Testo a fronte. - In custodia. 650 4$aLatini, Brunetto. Tresor.$0(OLS)http://semarc/subject/15499 700 1 $aBeltrami, Pietro G.$0(OLS)http://semarc/name/61696 700 1 $aVatteroni, Sergio.$0(OLS)http://semarc/name/61699 700 1 $aTorri, Plinio.$0(OLS)http://semarc/name/61698 700 1 $aSquillacioti, Paolo.$0(OLS)http://semarc/name/61697 830 2$aI millenni.$0(OLS)http://semarc/title/7877 850 $aSeMil 852 $aSeMil$W1$xVenegono$y1$m1B VI 53$j114018$B114018$CSeMilBibl$Z2$F124960 $81 961 $aAcquisto: Einaudi (Agente) 996 $6020$a978-88-06-18568-8$9(OLS)http://semarc/number/148688 996 $6245$aTresor$9(OLS)http://semarc/title/232080 996 $6260$aTorino :$bEinaudi$9(OLS)http://semarc/publisher/29884 LEADER 01018nam a2200277 i 4500 001 000000113006 003 CaOOAMICUS 005 20251203102231.0 008 050822n xxu u000 u eng u 013 $a85690 020 $a8109-0413-6 040 $aSeMil$bita 100 1 $aRewald, John.$0(OLS)http://semarc/name/28047 245 10$aPissarro :$bCamille /$ctext by John Rewald. 260 $aNew York :$bAbrams,$c[19--]?. 300 $a158 p., [1] c. di tav. :$briccamente ill. ;$c33 cm. 490 0 $aThe library of great painters 830 4$aThe library of great painters.$0(OLS)http://semarc/title/13873 850 $aSeMil 852 $aSeMil$W1$xVenegono$y1$m5R X 55$j68723$B68723$CSeMilBibl$Z2$F101937 $8I 941 1 $a1 961 $aOmaggio: Ciprandi dott. Paolo 996 $6020$a8109-0413-6$9(OLS)http://semarc/number/95794 996 $6245$aPissarro :$bCamille$9(OLS)http://semarc/title/164891 996 $6260$aNew York :$bAbrams$9(OLS)http://semarc/publisher/32877